| 000 | 00660nam a22002177a 4500 | ||
|---|---|---|---|
| 999 |
_c17196 _d17196 |
||
| 003 | AR-CdUCM | ||
| 008 | 190507b ||||| |||| 00| 0 spa d | ||
| 040 |
_aMUNICIPALIDAD PROVINCIAL DEL CUSCO _cBIBLIOTECA MUNICIPAL DEL CUSCO |
||
| 082 |
_a823 / _bSE44 |
||
| 100 |
_aSeton, Percy Th. _937063 |
||
| 245 | _aLos escandalosos amores de Enrique VIII / | ||
| 260 |
_aBuenos Aires : _bTOR, _c1934. |
||
| 300 |
_a192 paginas ; _c19 cm. |
||
| 505 | _aContenido : Novela | ||
| 650 |
_aNovela _95 |
||
| 650 |
_aLiteratura Inglesa _926086 |
||
| 650 |
_aLos amores _937064 |
||
| 650 |
_aNovios apasionados _937065 |
||
| 942 |
_2ddc _cLIBROS |
||
| 945 |
_awnts _d2019-05-7 |
||